Countries of Africa by Flag and First Letter - Statistics

General Stats
  • This quiz has been taken 12 times
    9 since last reset
  • The average score is 31 of 54
Answer Stats
Picture Answer % Correct
Seychelles
100%
Angola
71%
Botswana
71%
Burkina Faso
71%
D. R. Congo
71%
Ethiopia
71%
Gabon
71%
Kenya
71%
Liberia
71%
Morocco
71%
Mozambique
71%
Nigeria
71%
Rep. of the Congo
71%
Somalia
71%
South Africa
71%
South Sudan
71%
Sudan
71%
Tunisia
71%
Uganda
71%
Algeria
57%
Burundi
57%
Cameroon
57%
Cape Verde
57%
Central African Republic
57%
Comoros
57%
Djibouti
57%
Egypt
57%
Equatorial Guinea
57%
Guinea-Bissau
57%
Ivory Coast
57%
Lesotho
57%
Malawi
57%
Mali
57%
Mauritius
57%
Senegal
57%
Sierra Leone
57%
Togo
57%
Zimbabwe
57%
Benin
43%
Chad
43%
Ghana
43%
Libya
43%
Madagascar
43%
Mauritania
43%
Namibia
43%
Niger
43%
Rwanda
43%
São Tomé and Príncipe
43%
Zambia
43%
Eritrea
29%
Eswatini
29%
Gambia
29%
Guinea
29%
Tanzania
29%
No matching quizzes found
Score Distribution
Percent of People with Each Score
Percentile by Number Answered
Your Score History
You have not taken this quiz since the last reset